000
00254nam a2200097Ia 4500
008
230915s9999 xx 000 0 und d
050
_a
T 385 .R44 2011
100
_a
REGALLA SRINIVASA PRAKASH
245
0
_a
COMPUTER AIDED ANALYSIS AND DESIGN
942
_c
BK
999
_c
202887
_d
202887